000 00795nam a22002297a 4500
005 20140313100409.0
008 140108b xxu||||| |||| 00| 0 eng d
020 _a9780230284869
050 _aHM 901
_b.D681 2012
100 _aDone, Adrian.
245 _aGlobal trends :
_bfacing up to a changing world /
_cAdrian Done.
260 _aBasingstoke : Palgrave Macmillan ; [Pamplona, Spain] :
_bIESE Business School, University of Navarra,
_c2012.
300 _avii, 296 p. :
_bill. ;
_c24 cm.
440 _aPalgrave Macmillan IESE business collection.
504 _aIncludes Bibliographic References and Index.
521 _aBSBA
650 _aTwenty-first century
_xForecasts.
650 _aCrisis.
650 _aBusiness forecasting.
942 _2lcc
_cBK
_kFOR
999 _c25955
_d25955